000 00220 a2200097 4500
001 18561
100 _aDaunz R
245 _aKitaben jinho ne dunya badal dali
260 _a
_bSh ghulam Ali
_c1968
090 _c13790
_d13790
942 _aNUST-CAE
_cM
_c4214
999 _c253634
_d253634